• 首页
  • 本馆介绍
  • 公告通知
  • 最新文献
  • 馆藏检索
  • 电子资源
  • 读者导购
  • 参考咨询
  • 我的图书馆
  • 登录
  • 详细信息显示
  • 放入我的书架
  • 预约/预借图书
  • 作者相关作品
  • 分类相关作品
  • 丛书相关作品
  • 出版社相关作品

书目信息

  • 表格格式
  • 工作单格式
  • 卡片格式
题名:
学与教的心理学
    
 
作者: 皮连生 主编
分册:  
出版信息: 上海   华东师范大学出版社  2009
页数: 319页
开本: 26cm
丛书名:
单 册:
中图分类: G44 , B84
科图分类:
主题词: 心理学--高等教育--教材
电子资源:
ISBN: 978-7-5617-0621-3
000 00810nam0 2200253 450
001 1533502195
005 20150126093522.81
010    @a978-7-5617-0621-3@dCNY33.00
100    @a20090603d2009 em y0chiy50 ea
101 0  @achi
102    @aCN@b310000
105    @ay z 000yy
200 1  @a学与教的心理学@9xue yu jiao de xin li xue@f皮连生主编
205    @a4版
210    @a上海@c华东师范大学出版社@d2009
215    @a319页@d26cm
300    @a普通高等教育“十一五”国家级规划教材 教师教育公共心理学教材
330    @a本书内容包括:良好教师的心理特征及其培养、学生的个别差异、学习概论、教学心理学概论、教学任务分析等。
606 0  @a心理学@x高等教育@j教材
690    @aG44@v5
690    @aB84@v4
701  0 @a皮连生@9pi lian sheng@4主编
801  0 @aCN@bTSSF@c20150126
905    @aZUCC@dB84@eJY746=4
    
    学与教的心理学/皮连生主编.-4版.-上海:华东师范大学出版社,2009
    319页;26cm
    普通高等教育“十一五”国家级规划教材 教师教育公共心理学教材
    
    ISBN 978-7-5617-0621-3:CNY33.00
    本书内容包括:良好教师的心理特征及其培养、学生的个别差异、学习概论、教学心理学概论、教学任务分析等。
●
相关链接 在E读中查询图书 在五车中查询图书 在当当中查询图书 在豆瓣中查询图书


正题名:学与教的心理学     索取号:B84/JY746=4         预约/预借

序号 登录号 条形码 馆藏地/架位号 状态 备注
1 7846212   278462129   学院路分馆/ [索取号:B84/JY746=4] 在馆    
2 7846213   278462138   学院路分馆/ [索取号:B84/JY746=4] 在馆    
3 7846214   278462147   学院路分馆/ [索取号:B84/JY746=4] 在馆    
4 7846215   278462156   学院路分馆/ [索取号:B84/JY746=4] 在馆    
5 7846216   278462165   学院路分馆/ [索取号:B84/JY746=4] 在馆    
6 7846217   278462174   学院路分馆/ [索取号:B84/JY746=4] 在馆    
唐山师范学院图书馆 欢迎您!
大连网信软件有限公司© 版权所有